Elements of Mathematics for Economics and Finance (Record no. 46559)

MARC details
000 -LEADER
fixed length control field 00531nam a22001937a 4500
005 - DATE AND TIME OF LATEST TRANSACTION
control field 20260513145550.0
008 - FIXED-LENGTH DATA ELEMENTS--GENERAL INFORMATION
fixed length control field 260513b |||||||| |||| 00| 0 eng d
020 ## - INTERNATIONAL STANDARD BOOK NUMBER
International Standard Book Number 9783031439094
041 ## - LANGUAGE CODE
Language code of text/sound track or separate title Eng
082 ## - DEWEY DECIMAL CLASSIFICATION NUMBER
Classification number 510.2433 MAV
100 ## - MAIN ENTRY--PERSONAL NAME
Author Mavron, Vassilis C
245 ## - TITLE STATEMENT
Title Elements of Mathematics for Economics and Finance
250 ## - EDITION STATEMENT
Edition statement 2nd
260 ## - PUBLICATION, DISTRIBUTION, ETC.
Place Switzerland
Publisher Springer
Publication Year 2023
300 ## - PHYSICAL DESCRIPTION
Extent 384;. P. 23 cm
650 ## - SUBJECT ADDED ENTRY--TOPICAL TERM
Subject Economics, Mathematical; Business Mathematics
700 ## - ADDED ENTRY--PERSONAL NAME
Co-Author Phillips, Timothy N.
942 ## - ADDED ENTRY ELEMENTS (KOHA)
Koha item type Books
Holdings
Withdrawn status Lost status Source of classification or shelving scheme Damaged status Not for loan Home library Current library Shelving location Accession Date Vendor Price Bill number Total Checkouts Full call number Barcode No Date last seen Discount Cost, replacement price Bill Date Koha item type Suggested By
    Dewey Decimal Classification     IMTN IMTN Rack 17-A 05/13/2026 Raghav Books Private Limited 7300.33 2630   510.2433 MAV 34026 05/13/2026 33 4891.22 04/30/2026 Books Recommended by Dr Veena Pailwar
Designed & Maintained by: LRC IMT Nagpur Contact: lrc@imtnag.ac.in© 2024. All Rights Reserved.